000 00863cam a2200301 4500
008 090401t1995 xxu||||| |||| 00| 0 eng d
020 _a1857280709
035 _a(Sirsi) u90435
041 _aeng
050 _a711.52
100 _aBailey, Nick
245 _aPartnership agencies in British urban policy.
260 _aLondon
_bUCL Press
_c1995
300 _aix,246p. ; 24cm.
350 _a14.95
490 _aNatural and Built Environment Series
_v6
650 _aBIRMINGHAM HEARTLANDS
650 _aBROWNLOW COMMUNITY TRUST
650 _aGREENWICH WATERFRONT DEVELOPMENT PARTNERSHIP
650 _aNEWCASTLE INITIATIVE
650 _aPARTNERSHIPS
650 _aURBAN REGENERATION
650 _aWESTER HAILES PARTNERSHIP
650 _aWOODLANDS COMMUNITY DEVELOPMENT TRUST
690 _aURBAN RENEWAL
942 _n0
948 _c22/12/1998
999 _c97552
_d97552